Length of Sport Games in Minutes - Statistics

General Stats
  • This quiz has been taken 43 times
  • The average score is 6 of 9
Answer Stats
Sport Minutes % Correct
Football 90
93%
American football 60
88%
Basketball (Olympics) 40
85%
Rugby 80
70%
Boxing 36
68%
Judo 5
43%
Wrestling 6
43%
Water polo 32
38%
Fencing 9
35%
No matching quizzes found
Score Distribution
Percent of People with Each Score
Percentile by Number Answered
Your Score History
You have not taken this quiz